00624 2200229 4500001002100000005001700021008004100038035002400079082001000103090002000113100001600133245011000149250001100259260002200270300002400292650001200316850001500328980001500343985000600358999001500364999001500379YOGYA-0209000003610020090227025103.0 ind  0010-020900000036100 a613.3 a613.3bAdi ElT aAdi Nugroho a60 koleksi minuman eksklusif dingin dan hangatbplus bonus 40 cakres yang demodifikasicoleh, Adi Nugroho aCet. 1 aSolobAnekac1994 a69 hlmbilusc21 cm aMinuman aYOPDYOG(B) a10-31-2006 a2 a96P0077773 a96P0077773